000 00669nam a22002175a 4500
008 161219s2015 ii ||||fr|||| 001 0 eng d
020 _a9350998351
020 _a9789350998359
040 _aEG-ScBUE
_beng
_cEG-ScBUE
082 0 4 _222
_a001.6404
_bGOD
100 1 _938238
_aGodse, Atul P.
245 _aIntroduction to microprocessor /
_cAtul P. Godse.
260 _aPune, India :
_bTechnical publications,
_c2015.
300 _a1 v. (various pagings) :
_bill. ;
_c22 cm.
590 _aWessam
650 7 _2BUEsh
_933496
_aMicroprocessors.
651 _2BUEsh
653 _bCOMSCI
_cDecember2016
700 1 _913277
_aGodse, Deepali A.
942 _2ddc
_e22
_k001.6404 GOD
999 _c23646
_d23618